|
|
|
|
| LEADER |
00000nam a2200000 a 4500 |
| 001 |
vtls011739575 |
| 003 |
SK-MaSNL |
| 005 |
20260331211127.0 |
| 008 |
200205s2017 xo e l 000 0 slo |
| 015 |
|
|
|a SNBI2018
|
| 020 |
|
|
|a 9788081780189 (brož.)
|
| 035 |
|
|
|a urn:nbn:sk:snk-am00d5ym
|
| 035 |
|
|
|a urn:nbn:sk:snk-am3hqt5
|
| 035 |
|
|
|a 784F8D0B-435C-43BB-A882-93D1276C0D24
|
| 040 |
|
|
|a SNK
|b slo
|c SNK
|e AACR2
|
| 041 |
0 |
|
|a slo
|
| 043 |
|
|
|a e-xo---
|
| 044 |
|
|
|a xo
|c SK
|
| 072 |
|
7 |
|a 342
|x Ústavné právo. Správne právo
|2 konspekt
|
| 080 |
|
|
|a 342.98
|2 2011
|
| 080 |
|
|
|a (437.6)
|2 2011
|
| 080 |
|
|
|a (094.5)
|2 2011
|
| 080 |
|
|
|a (0.072)
|2 2011
|
| 100 |
1 |
|
|a Kovácsová, Jana
|4 cwt
|9 712575
|
| 245 |
1 |
0 |
|a Zákon o štátnej službe č. 400/2009 Z. z.
|b komentár k zákonu o štátnej službe
|c autorky: Jana Kovácsová, Simona Laktišová
|
| 260 |
|
|
|a Bratislava
|b Verlag Dashöfer
|c 2017
|
| 300 |
|
|
|a 191 s.
|c 21 cm
|
| 500 |
|
|
|a Názov z obalu
|
| 500 |
|
|
|a Ročník: 1 ; nepravidelne aktualizované
|
| 650 |
0 |
7 |
|a štátna služba
|2 SNKPH
|9 1541
|
| 650 |
0 |
7 |
|a Civil service
|2 SNKPHeng
|9 266970
|
| 651 |
|
7 |
|a Slovensko
|2 SNKPH
|9 14231
|
| 651 |
|
7 |
|a Slovakia
|2 SNKPHeng
|9 92630
|
| 655 |
|
7 |
|a zákony
|2 SNKPH
|9 70186
|
| 655 |
|
7 |
|a komentáre
|2 SNKPH
|9 70412
|
| 655 |
|
7 |
|a Laws
|2 SNKPHeng
|9 266957
|
| 655 |
|
7 |
|a Commentaries
|2 SNKPHeng
|9 275605
|
| 700 |
1 |
|
|a Laktišová, Simona
|4 cwt
|9 712576
|
| 710 |
1 |
2 |
|a Slovensko.
|t Zákon o štátnej službe (2009)
|9 712577
|
| 919 |
|
|
|a 978-80-8178-018-9
|
| 999 |
|
|
|c 1111474
|d 1113404
|
| 952 |
|
|
|a SNK
|b SNK
|y PREZ
|7 0
|p 17A1319586
|o snkSC 177913
|i snk2018/2738
|8 0
|0 0
|1 0
|4 0
|d 2018-01-30
|f 1
|l 0
|r 2025-09-19 00:00:00
|w 2026-02-24
|
| 952 |
|
|
|a SNK
|b SNK
|y VYP
|7 0
|p 17A1319587
|o snkSC 177913 D1
|i snk2018/2740
|8 0
|0 0
|1 0
|4 0
|d 2018-01-30
|l 0
|r 2026-02-24 18:03:11
|w 2026-02-24
|